MDQL
is popping MORE tags! Check the
thread
!
Quizzes
Events
Quiz Creation
Community
Videos
Private Events
Remove Ads
Sign In
Join for FREE
Feedback
Dark Mode
Quiz Categories
Sports
Geography
Music
Movies
Television
Just For Fun
Miscellaneous
History
Literature
Language
Science
Gaming
Entertainment
Religion
Holiday
For Kids
Quiz Lab
Recent
Popular Today
Quiz Kudos Today
Editor Picks
Curator Picks
Quizzes by...
Day
Popularity
Type
Ratings
Length
Year
Community
Subscriptions
Recent Discussions
Orange Saloon
Badges
Playlists
Quests
Create
Leaderboards
Showdown
Live 5
Trivia Bingo
Activity
Puzzle Library
Sporcle Events
Private Events
Virtual Trivia
Globe League
Become a Host
Pub Owners
SporcleCon
Opinionation
Our Games
Videos
Blog
Mobile Apps
Partnerships
Remove Ads and Go Orange
Feedback
Music
Pop Music
The Beatles
Song
Album
Lyrics
Bands
Singers
Artist
Clip
Rock
Rap
Classical
Billboard
Country Music
Kpop
Taylor Swift
Music
Pop Music
The Beatles
Song
Album
Lyrics
Bands
Singers
Artist
Clip
Rock
Rap
Classical
Billboard
Country Music
Kpop
Taylor Swift
Random Quiz
Search Sporcle
×
Quiz Lab
Quiz Lab
Music
Song
Type in answers that appear in a list
Type in answers that appear in a list
Classic
Best Score? Go Orange.
Metal Quiz I Stats
Can you name the contemporary metal bands by their songs?
By
shelb014
10m
30 Questions
138 Plays
138 Plays
138 Plays
Comments
Comments
Give Quiz Kudos
Give Quiz Kudos
-
- Ratings
hide this ad
Replay
Link that replays current quiz
Next Quiz
Link to next quiz in quiz playlist
You Got
0%
They Got
Avg Score
31%
Avg Friend Score
Upgrade to see
Score Distribution
Jump to the score distribution portion of the page
Score
0/30
Timer
10:00
0
Plays Today
Songs
Bands
% Correct
Afterlife, Bat Country, Unholy Confessions
Avenged Sevenfold
84.1%
Psychosocial, Disasterpiece, Pulse of the Maggots
Slipknot
79.7%
Waking the Demon, Tears Don't Fall, Hand of Blood
Bullet for My Valentine
63%
Bodies, 37 Stitches, Sinner
Drowning Pool
59.4%
Two Weeks, This Calling, This Darkened Heart
All that Remains
48.6%
Through Glass, Bother, Get Inside
Stone Sour
47.8%
Ex's and Oh's, The Crimson, Lip Gloss and Black
Atreyu
47.1%
Temple From the Within, The End of Heartache, My Last Serenade
Killswitch Engage
47.1%
Happy?, Scarlett Letters, Dig
Mudvayne
45.7%
Take This Life, Clayman, The Mirror's Truth
In Flames
44.9%
The Bleeding, Never Enough, Hard to See
Five Finger Death Punch
39.1%
Kirisute Gomen, A Gunshot to the Head of Trepidation, Blinding Tears Will Break the Skies
Trivium
37%
I'm Not Jesus, I Don't Care, Life Burns
Apocalyptica
35.5%
The Light that Blinds, Stupid Crazy, What Drives the Weak
Shadows Fall
30.4%
Black and White, Push It, Cold
Static-X
24.6%
Songs
Bands
% Correct
Vampires, Bad Religion, Awake
Godsmack
22.5%
Shockwave, Shout, Light from Above
Black Tide
19.6%
Briefcase Full of Guts, Castratikon, Bloodrocuted
Dethklok
19.6%
Praise, B*tch, Angel's Son
Sevendust
18.8%
What Comes Around, How Can I Live, Te Amo I Hate You
Ill Nino
18.1%
All Bodies, Mordecai, Steady Riot
Between the Buried and Me
16.7%
Solitaire Unraveling, Sun Doesn't Rise, Simple Survival
Mushroomhead
16.7%
Sworn to a Great Divide, Natural Born Chaos, Martyr
Soilwork
15.9%
Severed, A Call for Blood, This is Now
Hatebreed
14.5%
Bury Your Dead, The Flood, D.O.A.
The Haunted
13.8%
Daylight Slaving, Betwixt Her Getaway Sticks, The After Dinner Payback
From Autumn to Ashes
8%
A Trigger of Promises, There's no 'I' in 'F*ck you,' The American Dream
Walls of Jericho
7.2%
Army of Me, Thredony, Paralyzed
Chimaira
6.5%
Stitches, The Closest Thing to Closure, Breaking My Own Heart
Haste the Day
4.3%
Heights, The World Outside, Sketch in Black and White
Eyes Set to Kill
2.2%
Quiz Playlist
Details
Report
Send in Message
Add To Playlist
Classic:
Type in answers that appear in a list
Last Updated: Feb 16, 2017
Quiz Scoreboard
CHALLENGE
Sign Up to Join the Scoreboard
Show All
Scores
Hide
Comments
May contain spoilers
Recently Published
5x2 Blitz: Bands
by SL_Kpop136
Music
30s
Colored Red Africa Blitz
by spor1
Geography
30s
Find the 'City' Movie
by crazypaving
Movies
60s
More to Explore
Quiz From the Vault
Featured Blog Post
14 Easter Pick-up Lines to Find Eggs With
hide this ad
You Might Also Like...
Tags
Bands Quiz
Song Quiz
Contemporary
metal
Today's Top Quizzes in Music
Browse Music
hide this ad
Today's Top Quizzes in Song
Browse Song
Top Contributed Quizzes in Music
1
5X2 Blitz: Bands II
2
Taylor Swift Logic Puzzle II
3
Taylor Swift All Songs (2024)
4
5X2 Blitz: The Beatles
5
5X2 Blitz: Billboard
6
5X2 Blitz: Singers
7
5X2 Blitz: Album
8
5X2 Blitz: Rock
9
Music Artist by Three 2010s hits
10
5X2 Blitz: Billboard II
Explore More
Trending Topics
Crossword
Anime
Disney
Harry Potter
Kpop
Marvel
NBA
Puzzle
The Office
Soccer
NFL
Song
Pokémon
Country
WWE
hide this ad
More By:
shelb014
Quiz
Plays
Rating
Category
Featured
Created
Gundam Mobile Suits by Model
913
3.75
Television
Jan 18, 2010
San Francisco 49ers Starters from 02-09
842
4.80
Sports
Jun 3, 2010
Warped Tour 2010 Bands
248
5.00
Music
Jun 29, 2010
Metal Quiz I
138
2.67
Music
Jan 18, 2010
French 212 Vocabulary Chapter 1
17
Language
Feb 14, 2011
Go to Creator's Profile
Score Distribution
Quiz Creator Spotlight
shelb014
Follow
Send a Message
Quizzes Created
-
Created Quiz Play Count
-
More By This Creator
Popular Quizzes Today
1
Find the 'City' Movie
2
5x2 Blitz: Bands
3
Colored Red Africa Blitz
4
Find the US States - No Outlines Minefield
5
The Countries of the World
6
Find the US States
7
9x9 Crossword: Cartoon Network
8
US States
More Music Quizzes
'Jailhouse Rock' Lyrics
Published
Trending Quizzes
Colored Red Europe Blitz I
Colored Red Africa Blitz II
Colored Red Europe Blitz III
Colored Red Europe Blitz II
Colored Red Africa Blitz III
Recently Updated
Champions League XIs: Real Madrid
pecheneg
Largest US Cities 1790-2010
pecheneg
Rides in Walt Disney World
pecheneg
Most Oscar Losses (Acting)
pecheneg
Beyoncé Albums
pecheneg
Leaping Animals
pecheneg
Reality TV Shows (A-Z)
bhenderson79
Rickey Henderson's Hall of Fame Teammates
pecheneg
Champions League XIs: Arsenal
pecheneg
Quick Pick: Celebrities in WWE's Hall of Fame
aduchscher
Trending Topics
Anime
Disney
Harry Potter
NBA
Marvel
Crossword
Kpop
Soccer
Country
NFL
Puzzle
WWE
Song
The Office
Pokémon
Your Account Isn't Verified!
In order to create a playlist on Sporcle, you need to verify the email address you used during registration. Go to your
Sporcle Settings
to finish the process.
Report this User
Report this user for behavior that violates our
Community Guidelines
.
Details:
Send Report
Go to the Sporcle.com Mobile Site →
Comments